00786nam a22002057a 4500003000900000008004100009040007100050082002700121100003000148245008200178260003100260300002600291505014300317650001300460650001900473650001600492650001000508650001000518710005200528AR-CdUCM190427b ||||| |||| 00| 0 spa d aMUNICIPALIDAD PROVINCIAL DEL CUSCOcBIBLIOTECA MUNICIPAL DEL CUSCO a985.033 / bC79 / 1963 aCornejo Bouroncle, Jorge. aTupac Amaru : bla revolución precursora de la emancipación continental / aCuzco :bH.G. Rozasc1963. a649 paginas ;c25 cm. aContenido : El medio social -- Los movimientos precursores -- Tupac Amaru -- La sublevación general -- Chayanta -- Campaña de tinta... aRebelion aSublevación  aTupac Amaru aCusco aTinta aUniversidad Nacional San Antonio Abad del Cusco